00573nam a2200121Ia 45000010005000000080041000050820026000461000095000722450193001672600048003609010028004089990015004363443241024s9999 xx 000 0 und d aRD/373.071/R426p/2012 aRepública Dominicana.Ministerio de Educación. Dirección General de Educación Media 0aProyecto "mejora de los aprendizajes de la Lengua Española a través de la implementación de estratégias de enseñanza y uso de recursos para la enseñanza de la Lengua Española bSanto Domingo, República Dominicanac2012 a6/11/2013 11:24:10 a.m. c8556d8556